[Event "Montreal Saturday op 09"]
[Site "Montreal CAN"]
[Date "2009.09.23"]
[Round "4"]
[White "Pregent, Daniel"]
[Black "Dumont, Felix"]
[Result "0-1"]
[WhiteElo "1839"]
[BlackElo "1806"]
[PlyCount "110"]
[GameId "2160767910093079"]
[EventDate "2009.09.02"]
[EventType "tourn"]
[EventRounds "5"]
[EventCountry "CAN"]
[SourceTitle "EXT 2011"]
[Source "ChessBase"]
[SourceDate "2011.11.26"]
[SourceVersion "1"]
[SourceVersionDate "2011.11.26"]
[SourceQuality "1"]

1. d4 Nf6 2. Nf3 g6 3. c4 Bg7 4. Nc3 O-O 5. e4 d6 6. h3 e5 7. d5 a5 8. Bg5 Na6 9. Bd3 Nc5 10. Bc2 Bd7 11. O-O h6 12. Be3 b6 13. Nd2 Nh5 14. Rb1 Nf4 15. Bxf4 exf4 16. Ne2 g5 17. Nf3 Re8 18. Ned4 Nxe4 19. Re1 Nf6 20. Qd3 Rxe1+ 21. Rxe1 Qf8 22. Nf5 Bxf5 23. Qxf5 Re8 24. Kf1 Rxe1+ 25. Kxe1 Qe8+ 26. Kd2 Qd7 27. Qd3 Qe8 28. Nd4 Ne4+ 29. Kc1 Nxf2 30. Qe2 Qxe2 31. Nxe2 f3 32. gxf3 Nxh3 33. Ng3 Nf4 34. a3 h5 35. b4 axb4 36. axb4 h4 37. Nh1 Bc3 38. b5 Ne2+ 39. Kd1 Nd4 40. f4 gxf4 41. Nf2 Nxc2 42. Kxc2 Be1 43. Nh3 f3 44. Kd3 f2 45. Ke2 Kg7 46. Ng5 Kf6 47. Nf3 h3 48. Nh2 Ke5 49. Ke3 Kf5 50. Kf3 Kg5 51. Nf1 Kf5 52. Nh2 Bc3 53. Nf1 Ke5 54. Ke3 Bd4+ 55. Kf3 Bc5 0-1

[Event "Montreal Saturday op 09"]
[Site "Montreal CAN"]
[Date "2009.09.23"]
[Round "4"]
[White "Sarrazin-Gendron, Roman"]
[Black "Luo, Zhao Yang"]
[Result "0-1"]
[WhiteElo "1851"]
[BlackElo "1898"]
[PlyCount "64"]
[GameId "2160767910093080"]
[EventDate "2009.09.02"]
[EventType "tourn"]
[EventRounds "5"]
[EventCountry "CAN"]
[SourceTitle "EXT 2011"]
[Source "ChessBase"]
[SourceDate "2011.11.26"]
[SourceVersion "1"]
[SourceVersionDate "2011.11.26"]
[SourceQuality "1"]

1. Nf3 Nf6 2. c4 g6 3. Nc3 Bg7 4. e4 d6 5. d4 O-O 6. Be2 e5 7. O-O Nc6 8. d5 Ne7 9. Ne1 Ne8 10. Be3 f5 11. f3 f4 12. Bf2 g5 13. b4 Nf6 14. Nd3 Ng6 15. Rc1 Rf7 16. c5 Bf8 17. cxd6 cxd6 18. a4 h5 19. a5 Rg7 20. Nb2 g4 21. Nb5 g3 22. Bxa7 Ne8 23. Rxc8 gxh2+ 24. Kh1 Rxc8 25. Nc4 Qg5 26. Rf2 h4 27. Nd2 h3 28. Bf1 Nh4 29. Qe2 hxg2+ 30. Bxg2 Rc1+ 31. Nf1 Nxg2 32. Qd2 Ne3 0-1

[Event "Montreal Saturday op 09"]
[Site "Montreal CAN"]
[Date "2009.09.30"]
[Round "5"]
[White "Gates, Claude-Eric"]
[Black "Deshetres, Michel"]
[Result "0-1"]
[WhiteElo "1686"]
[BlackElo "1707"]
[PlyCount "70"]
[GameId "2160767910093082"]
[EventDate "2009.09.02"]
[EventType "tourn"]
[EventRounds "5"]
[EventCountry "CAN"]
[SourceTitle "EXT 2011"]
[Source "ChessBase"]
[SourceDate "2011.11.26"]
[SourceVersion "1"]
[SourceVersionDate "2011.11.26"]
[SourceQuality "1"]

1. c4 e5 2. g3 Nc6 3. Bg2 g6 4. Nc3 Bg7 5. e4 d6 6. Nge2 f5 7. d3 Nf6 8. Bg5 O-O 9. Nd5 Be6 10. O-O Qd7 11. Rc1 Nh5 12. Be3 Rf7 13. Qd2 Raf8 14. h3 Ne7 15. b3 c6 16. Nxe7+ Qxe7 17. exf5 gxf5 18. f4 e4 19. dxe4 fxe4 20. Bxe4 Bxh3 21. Bg2 Bxg2 22. Kxg2 Re8 23. Rf3 Nf6 24. Qd3 Ng4 25. Bxa7 Qxe2+ 26. Qxe2 Rxe2+ 27. Bf2 Bd4 28. Rd1 Rxf2+ 29. Rxf2 Bxf2 30. Kf3 Ne3 31. Rxd6 Bg1 32. Rd2 Nf5 33. g4 Nh4+ 34. Kg3 Ng6 35. f5 Ne5 0-1

[Event "Montreal Saturday op 09"]
[Site "Montreal CAN"]
[Date "2009.09.30"]
[Round "5"]
[White "Germain, Max"]
[Black "Millette, Sylvain"]
[Result "0-1"]
[WhiteElo "1616"]
[BlackElo "1579"]
[PlyCount "64"]
[GameId "2160767910093083"]
[EventDate "2009.09.02"]
[EventType "tourn"]
[EventRounds "5"]
[EventCountry "CAN"]
[SourceTitle "EXT 2011"]
[Source "ChessBase"]
[SourceDate "2011.11.26"]
[SourceVersion "1"]
[SourceVersionDate "2011.11.26"]
[SourceQuality "1"]

1. d4 Nf6 2. c4 g6 3. f3 d5 4. cxd5 Nxd5 5. e4 Nb6 6. Nc3 e6 7. Bf4 c6 8. Qd2 Bg7 9. e5 O-O 10. Ne4 Nd5 11. Bg5 f6 12. exf6 Nxf6 13. O-O-O Nxe4 14. fxe4 Qxd4 15. Qxd4 Bxd4 16. Nf3 Bg7 17. Bc4 b5 18. Bb3 c5 19. Be7 Re8 20. Bg5 Nc6 21. Rhe1 c4 22. Bc2 e5 23. a3 h6 24. Be3 Bg4 25. Rd6 Re6 26. Red1 Rxd6 27. Rxd6 Bxf3 28. Rxg6 Ne7 29. Rg3 Bh5 30. Bxh6 Bg6 31. Bg5 Nc6 32. Bh6 Bxh6+ 0-1

[Event "Montreal Saturday op 09"]
[Site "Montreal CAN"]
[Date "2009.09.30"]
[Round "5"]
[White "Lamouche, Andre"]
[Black "Brousseau, Stephane"]
[Result "1/2-1/2"]
[WhiteElo "1689"]
[BlackElo "1657"]
[PlyCount "85"]
[GameId "2160767910093085"]
[EventDate "2009.09.02"]
[EventType "tourn"]
[EventRounds "5"]
[EventCountry "CAN"]
[SourceTitle "EXT 2011"]
[Source "ChessBase"]
[SourceDate "2011.11.26"]
[SourceVersion "1"]
[SourceVersionDate "2011.11.26"]
[SourceQuality "1"]

1. e4 c5 2. Nf3 d6 3. d4 cxd4 4. Nxd4 Nf6 5. Nc3 a6 6. Be2 e6 7. Be3 b5 8. Bf3 e5 9. Nb3 b4 10. Nd5 Nbd7 11. Nxb4 Bb7 12. Nd5 Rc8 13. O-O Nxd5 14. exd5 Nf6 15. Bg5 Be7 16. Bxf6 Bxf6 17. Re1 Bg5 18. g3 f5 19. Bg2 O-O 20. c3 f4 21. Nd2 fxg3 22. hxg3 Rc5 23. Ne4 Rc7 24. Qg4 Bh6 25. Qe6+ Kh8 26. Nxd6 Re7 27. Nxb7 Rxb7 28. b4 a5 29. d6 Rb6 30. Rad1 axb4 31. cxb4 Re8 32. Qd5 Rxb4 33. Rxe5 Rf8 34. d7 Rb2 35. Qd4 Rxa2 36. Rde1 Rd2 37. Qb4 Rxd7 38. Bc6 Rdf7 39. Re8 Qf6 40. Rxf8+ Rxf8 41. Qxf8+ Qxf8 42. Re8 Qxe8 43. Bxe8 1/2-1/2

[Event "Montreal Saturday op 09"]
[Site "Montreal CAN"]
[Date "2009.09.30"]
[Round "5"]
[White "Luo, Zhao Yang"]
[Black "Levkovsky, Alexandre"]
[Result "0-1"]
[WhiteElo "1898"]
[BlackElo "2177"]
[PlyCount "56"]
[GameId "2160767910093086"]
[EventDate "2009.09.02"]
[EventType "tourn"]
[EventRounds "5"]
[EventCountry "CAN"]
[SourceTitle "EXT 2011"]
[Source "ChessBase"]
[SourceDate "2011.11.26"]
[SourceVersion "1"]
[SourceVersionDate "2011.11.26"]
[SourceQuality "1"]

1. d4 d5 2. c4 dxc4 3. Nc3 a6 4. a4 Nc6 5. d5 Na5 6. e4 e6 7. Bd2 Bb4 8. Qc2 Nf6 9. Rd1 Qe7 10. Be2 exd5 11. Nxd5 Nxd5 12. exd5 O-O 13. Nf3 Nb3 14. Qxc4 Nxd2 15. Nxd2 Bd7 16. Qc2 a5 17. Kf1 Rfe8 18. Qc4 Bxa4 19. b3 Bd7 20. Nf3 b5 21. Qc2 a4 22. bxa4 bxa4 23. Bd3 a3 24. Ra1 Ra5 25. Qxc7 Rxd5 26. Qc4 Qd6 27. Rd1 Bb5 28. Qxb5 Rxb5 0-1

[Event "Montreal Saturday op 09"]
[Site "Montreal CAN"]
[Date "2009.09.30"]
[Round "5"]
[White "Morin, Louis"]
[Black "Sarrazin-Gendron, Roman"]
[Result "1-0"]
[WhiteElo "1886"]
[BlackElo "1851"]
[PlyCount "59"]
[GameId "2160767910093087"]
[EventDate "2009.09.02"]
[EventType "tourn"]
[EventRounds "5"]
[EventCountry "CAN"]
[SourceTitle "EXT 2011"]
[Source "ChessBase"]
[SourceDate "2011.11.26"]
[SourceVersion "1"]
[SourceVersionDate "2011.11.26"]
[SourceQuality "1"]

1. e4 c5 2. d4 cxd4 3. c3 Nf6 4. e5 Nd5 5. Qxd4 e6 6. Bc4 Nb6 7. Bb3 Nc6 8. Qe4 d5 9. exd6 Bxd6 10. Nf3 Nd7 11. Bc2 Nf6 12. Qh4 b6 13. O-O Bb7 14. Bg5 Be7 15. Rd1 Qc7 16. Nbd2 O-O-O 17. Nc4 Nd5 18. Bxe7 Ncxe7 19. Nce5 Ng6 20. Qc4 Qxc4 21. Nxc4 Ngf4 22. Ng5 Ne2+ 23. Kf1 Ba6 24. Bb3 Rd7 25. Kxe2 Rc7 26. Ke1 f6 27. Nf7 Bxc4 28. Nd6+ Kb8 29. Nxc4 a5 30. Ne3 1-0

[Event "Montreal Saturday op 10"]
[Site "Montreal CAN"]
[Date "2009.10.07"]
[Round "1"]
[White "Bergeron, Rene"]
[Black "Guindon, Alex"]
[Result "1-0"]
[WhiteElo "1542"]
[BlackElo "1481"]
[PlyCount "47"]
[GameId "2160767910096541"]
[EventDate "2009.10.07"]
[EventType "tourn"]
[EventRounds "5"]
[EventCountry "CAN"]
[SourceTitle "EXT 2011"]
[Source "ChessBase"]
[SourceDate "2011.11.26"]
[SourceVersion "1"]
[SourceVersionDate "2011.11.26"]
[SourceQuality "1"]

1. e4 e5 2. Nf3 Nf6 3. Nxe5 d6 4. Nf3 Nxe4 5. d4 d5 6. Bd3 Nc6 7. O-O Be7 8. Re1 Bf5 9. c4 Nb4 10. cxd5 Nxd3 11. Qxd3 Qxd5 12. Nc3 Nxc3 13. Qxc3 Qd6 14. g3 Qd8 15. Bf4 c6 16. d5 O-O 17. dxc6 bxc6 18. Rad1 Bf6 19. Rxd8 Bxc3 20. Rxf8+ Rxf8 21. bxc3 Rd8 22. Nd4 Bd7 23. Re7 c5 24. Bc7 1-0

[Event "Montreal Saturday op 10"]
[Site "Montreal CAN"]
[Date "2009.10.07"]
[Round "1"]
[White "Brichko, Michael"]
[Black "Gauthier, Luc"]
[Result "1/2-1/2"]
[WhiteElo "1748"]
[BlackElo "1720"]
[PlyCount "60"]
[GameId "2160767910096542"]
[EventDate "2009.10.07"]
[EventType "tourn"]
[EventRounds "5"]
[EventCountry "CAN"]
[SourceTitle "EXT 2011"]
[Source "ChessBase"]
[SourceDate "2011.11.26"]
[SourceVersion "1"]
[SourceVersionDate "2011.11.26"]
[SourceQuality "1"]

1. d4 d5 2. c4 Nc6 3. Nc3 dxc4 4. d5 Ne5 5. f4 Nd7 6. e4 Nb6 7. Nf3 Nf6 8. Be3 e6 9. dxe6 Qxd1+ 10. Rxd1 Bxe6 11. f5 Bd7 12. Bxb6 axb6 13. Bxc4 Bc6 14. Ne5 Bb4 15. Bxf7+ Ke7 16. Nxc6+ bxc6 17. Be6 Rhd8 18. O-O Bc5+ 19. Kh1 Ng4 20. Rxd8 Rxd8 21. h3 Ne3 22. Re1 Rd2 23. Re2 Rd8 24. Bb3 Nf1 25. Re1 Ng3+ 26. Kh2 Bf2 27. Rd1 Rxd1 28. Bxd1 Nf1+ 29. Kh1 Ng3+ 30. Kh2 Nf1+ 1/2-1/2

[Event "Montreal Saturday op 10"]
[Site "Montreal CAN"]
[Date "2009.10.07"]
[Round "1"]
[White "Dumont, Felix"]
[Black "Cvetkovic, Simeon"]
[Result "0-1"]
[WhiteElo "1844"]
[BlackElo "1831"]
[PlyCount "114"]
[GameId "2160767910096544"]
[EventDate "2009.10.07"]
[EventType "tourn"]
[EventRounds "5"]
[EventCountry "CAN"]
[SourceTitle "EXT 2011"]
[Source "ChessBase"]
[SourceDate "2011.11.26"]
[SourceVersion "1"]
[SourceVersionDate "2011.11.26"]
[SourceQuality "1"]

1. e4 c5 2. c4 Nc6 3. Nf3 e5 4. Nc3 Nf6 5. d3 d6 6. Be2 Be7 7. O-O O-O 8. Ne1 Ne8 9. f4 f5 10. exf5 Bxf5 11. g4 Be6 12. f5 Bf7 13. Bf3 Rb8 14. Nd5 Nc7 15. Nxc7 Qxc7 16. g5 Nd4 17. Be4 Be8 18. g6 Bc6 19. gxh7+ Kh8 20. Nf3 Bxe4 21. dxe4 Bf6 22. Ng5 Qe7 23. h4 Qe8 24. Nf3 Qc6 25. Qd3 Nxf5 26. Nxe5 Bxe5 27. Rxf5 Rxf5 28. exf5 Re8 29. Be3 Qf3 30. Qd2 Bf4 31. Bxf4 Re2 32. Qxe2 Qxe2 33. Bxd6 Qe3+ 34. Kh1 Qe4+ 35. Kh2 Qd4 36. Rg1 Qxd6+ 37. Rg3 Kxh7 38. a3 Qf4 39. b3 Qxf5 40. b4 Qf2+ 41. Kh3 Qf1+ 42. Kh2 Qxc4 43. bxc5 Qxc5 44. Kh3 Qf5+ 45. Kh2 Qf2+ 46. Kh3 Qxg3+ 47. Kxg3 b5 48. Kf4 a5 49. Ke4 b4 50. axb4 axb4 51. Kd4 Kh6 52. Kc4 Kh5 53. Kxb4 Kxh4 54. Kc4 g5 55. Kd3 Kg3 56. Ke2 g4 57. Kf1 Kh2 0-1

[Event "Montreal Saturday op 10"]
[Site "Montreal CAN"]
[Date "2009.10.07"]
[Round "1"]
[White "Germain, Max"]
[Black "Eddouri, Hmida"]
[Result "0-1"]
[WhiteElo "1534"]
[BlackElo "1454"]
[PlyCount "88"]
[GameId "2160767910096545"]
[EventDate "2009.10.07"]
[EventType "tourn"]
[EventRounds "5"]
[EventCountry "CAN"]
[SourceTitle "EXT 2011"]
[Source "ChessBase"]
[SourceDate "2011.11.26"]
[SourceVersion "1"]
[SourceVersionDate "2011.11.26"]
[SourceQuality "1"]

1. d4 d5 2. c4 c6 3. Nc3 dxc4 4. e4 b5 5. a4 b4 6. Nb1 Ba6 7. Nf3 e6 8. Ne5 Qh4 9. Qf3 Nf6 10. Bf4 Be7 11. g3 Qh5 12. g4 Qh4 13. Bg3 Qg5 14. Bf4 Qh4 15. h3 Nfd7 16. Nxc4 O-O 17. Nbd2 Nb6 18. Nxb6 axb6 19. e5 Bg5 20. Ne4 Bxf4 21. Qxf4 Bxf1 22. Kxf1 Nd7 23. Kg2 f5 24. Qg5 Qxg5 25. Nxg5 Rfe8 26. f4 h6 27. Nf3 g6 28. b3 Ra7 29. Rhc1 c5 30. Rc4 b5 31. Rcc1 c4 32. bxc4 bxa4 33. Rcb1 Rb8 34. Nd2 Raa8 35. c5 b3 36. Nc4 Rb4 37. c6 Rxc4 38. cxd7 Rd8 39. gxf5 gxf5 40. Rg1 Rxd7 41. Kf3+ Rg7 42. Rxg7+ Kxg7 43. Ke3 b2 44. Rb1 a3 0-1

[Event "Montreal Saturday op 10"]
[Site "Montreal CAN"]
[Date "2009.10.07"]
[Round "1"]
[White "Keane-McCarney, Eamon"]
[Black "Ber, Alexandre"]
[Result "1-0"]
[WhiteElo "1552"]
[BlackElo "1595"]
[PlyCount "71"]
[GameId "2160767910096546"]
[EventDate "2009.10.07"]
[EventType "tourn"]
[EventRounds "5"]
[EventCountry "CAN"]
[SourceTitle "EXT 2011"]
[Source "ChessBase"]
[SourceDate "2011.11.26"]
[SourceVersion "1"]
[SourceVersionDate "2011.11.26"]
[SourceQuality "1"]

1. e4 e6 2. d4 d5 3. Nc3 Bb4 4. e5 c5 5. Qg4 Ne7 6. Nf3 Qc7 7. Bb5+ Bd7 8. O-O a6 9. Bxd7+ Nxd7 10. Qxg7 Rg8 11. Qxh7 cxd4 12. a3 Nxe5 13. Nxd4 Bxc3 14. bxc3 N5g6 15. Qh3 Nf4 16. Bxf4 Qxf4 17. Qf3 Qxf3 18. Nxf3 Rc8 19. Rfb1 Rxc3 20. Rxb7 Rxf3 21. Rb8+ Kd7 22. Rxg8 Rc3 23. Rf8 f5 24. Ra8 Rc6 25. Ra7+ Kd6 26. Rd1 e5 27. a4 f4 28. a5 Nf5 29. c4 d4 30. g4 Nh4 31. Rh7 Nf3+ 32. Kg2 e4 33. g5 Nxg5 34. Rxd4+ Ke5 35. Rd5+ Kf6 36. Rh6+ 1-0

[Event "Montreal Saturday op 10"]
[Site "Montreal CAN"]
[Date "2009.10.07"]
[Round "1"]
[White "Khudaverdian, Berj"]
[Black "Gates, Claude-Eric"]
[Result "1-0"]
[WhiteElo "1761"]
[BlackElo "1686"]
[PlyCount "111"]
[GameId "2160767910096547"]
[EventDate "2009.10.07"]
[EventType "tourn"]
[EventRounds "5"]
[EventCountry "CAN"]
[SourceTitle "EXT 2011"]
[Source "ChessBase"]
[SourceDate "2011.11.26"]
[SourceVersion "1"]
[SourceVersionDate "2011.11.26"]
[SourceQuality "1"]

1. Nf3 Nf6 2. d4 e6 3. g3 d5 4. Bg5 Be7 5. Bxf6 Bxf6 6. Bg2 c5 7. e3 b6 8. O-O Nd7 9. a4 O-O 10. Na3 cxd4 11. exd4 Ba6 12. Re1 Rc8 13. Nb5 Bxb5 14. axb5 Qc7 15. c3 Qc4 16. Bf1 Qc7 17. Qa4 Ra8 18. Ra2 Rfc8 19. Qd1 Be7 20. h4 Bd6 21. Kg2 Nf6 22. Ne5 Bxe5 23. Rxe5 Nd7 24. Re3 Nf6 25. Bd3 Qd6 26. Re5 Nd7 27. Re3 Nf6 28. Ra6 Ne4 29. Rxe4 dxe4 30. Bxe4 Rab8 31. Rxa7 e5 32. Qf3 Rf8 33. d5 Ra8 34. Rb7 Rab8 35. Ra7 Ra8 36. Ra6 Rxa6 37. bxa6 Ra8 38. b4 Rxa6 39. Qf5 Qd8 40. Qxh7+ Kf8 41. Qh8+ Ke7 42. Qxg7 Qd6 43. h5 Qf6 44. h6 b5 45. Qxf6+ Rxf6 46. h7 Rh6 47. g4 f6 48. Kg3 Kd6 49. g5 fxg5 50. Kg4 Rh2 51. Kxg5 Ke7 52. d6+ Kxd6 53. Bg6 Rg2+ 54. Kh6 Rxf2 55. h8=Q Rh2+ 56. Bh5 1-0

[Event "Montreal Saturday op 10"]
[Site "Montreal CAN"]
[Date "2009.10.07"]
[Round "1"]
[White "Lescarbeau, Martin"]
[Black "Phelippe, Yannic"]
[Result "1/2-1/2"]
[WhiteElo "1500"]
[BlackElo "1488"]
[PlyCount "108"]
[GameId "2160767910096549"]
[EventDate "2009.10.07"]
[EventType "tourn"]
[EventRounds "5"]
[EventCountry "CAN"]
[SourceTitle "EXT 2011"]
[Source "ChessBase"]
[SourceDate "2011.11.26"]
[SourceVersion "1"]
[SourceVersionDate "2011.11.26"]
[SourceQuality "1"]

1. d4 Nf6 2. c4 g6 3. Nc3 Bg7 4. e4 d6 5. Nf3 O-O 6. Be2 e5 7. dxe5 dxe5 8. Qxd8 Rxd8 9. Bg5 Re8 10. O-O-O c6 11. Rd6 Be6 12. Rhd1 Na6 13. a3 Nc5 14. Bxf6 Bxf6 15. b4 Nb3+ 16. Kc2 Nd4+ 17. Nxd4 exd4 18. Na4 Be5 19. R6xd4 Bxd4 20. Rxd4 Rad8 21. Rxd8 Rxd8 22. Kc3 b6 23. f4 h5 24. h3 Re8 25. Bf3 b5 26. Nb2 Rc8 27. c5 Rd8 28. g4 hxg4 29. hxg4 Kf8 30. f5 gxf5 31. gxf5 Ba2 32. Nd3 f6 33. e5 Bd5 34. Bh5 fxe5 35. Nxe5 Ke7 36. Bf7 Bh1 37. Be6 Be4 38. Nf7 Rd3+ 39. Kb2 Kf6 40. Nd6 Bd5 41. Ne8+ Ke7 42. Bxd5 Rxd5 43. Nd6 Rd3 44. Nc8+ Kf6 45. Nxa7 Kxf5 46. Nxc6 Rd7 47. Kc3 Ke4 48. a4 Rd3+ 49. Kb2 bxa4 50. Na5 Kd5 51. c6 Kd6 52. b5 Rd5 53. Nc4+ Kc7 54. Na3 Rxb5+ 1/2-1/2

[Event "Montreal Saturday op 10"]
[Site "Montreal CAN"]
[Date "2009.10.07"]
[Round "1"]
[White "Levkovsky, Alexandre"]
[Black "Pilotte, Benoit"]
[Result "1-0"]
[WhiteElo "2211"]
[BlackElo "1805"]
[PlyCount "99"]
[GameId "2160767910096550"]
[EventDate "2009.10.07"]
[EventType "tourn"]
[EventRounds "5"]
[EventCountry "CAN"]
[SourceTitle "EXT 2011"]
[Source "ChessBase"]
[SourceDate "2011.11.26"]
[SourceVersion "1"]
[SourceVersionDate "2011.11.26"]
[SourceQuality "1"]

1. e4 d6 2. d4 Nf6 3. Nc3 g6 4. Bg5 Bg7 5. Qd2 Nbd7 6. f4 h6 7. Bh4 O-O 8. e5 dxe5 9. dxe5 Nh7 10. O-O-O c6 11. Nf3 Re8 12. Bc4 Nhf8 13. Bf2 Qa5 14. Ne4 Qxd2+ 15. Rxd2 Nb6 16. Bb3 Be6 17. Rhd1 Bxb3 18. axb3 Ne6 19. g3 Red8 20. Nc5 Rxd2 21. Rxd2 Nxc5 22. Bxc5 Kf8 23. c4 Ke8 24. Kc2 Nd7 25. Bd4 Nf8 26. Kd3 a5 27. Rd1 Rd8 28. Kc2 Ra8 29. Ra1 Ne6 30. Bb6 Ra6 31. c5 Kd7 32. Rd1+ Ke8 33. Ra1 g5 34. Ra4 gxf4 35. gxf4 Kd7 36. f5 Nc7 37. Rg4 Bf8 38. Rg8 Ra8 39. Bxc7 Kxc7 40. e6 b6 41. Ne5 bxc5 42. Nd7 fxe6 43. fxe6 Kd6 44. Rxf8 Ra7 45. Rh8 Kxe6 46. Nxc5+ Kd5 47. Na4 e5 48. Rxh6 e4 49. Nc3+ Ke5 50. Rh4 1-0

[Event "Montreal Saturday op 10"]
[Site "Montreal CAN"]
[Date "2009.10.07"]
[Round "1"]
[White "Pozdnyakov, Alexander"]
[Black "Neumark-Gaudet, Zev"]
[Result "1-0"]
[WhiteElo "1620"]
[BlackElo "1578"]
[PlyCount "59"]
[GameId "2160767910096551"]
[EventDate "2009.10.07"]
[EventType "tourn"]
[EventRounds "5"]
[EventCountry "CAN"]
[SourceTitle "EXT 2011"]
[Source "ChessBase"]
[SourceDate "2011.11.26"]
[SourceVersion "1"]
[SourceVersionDate "2011.11.26"]
[SourceQuality "1"]

1. f4 d5 2. Nf3 Nf6 3. e3 c5 4. Be2 Nc6 5. O-O Bf5 6. Ne5 Qc7 7. Nxc6 Qxc6 8. Bf3 e6 9. d3 Bd6 10. Qe1 O-O 11. Nc3 Bg4 12. Bxg4 Nxg4 13. e4 c4 14. Kh1 d4 15. Ne2 e5 16. f5 cxd3 17. cxd3 Qc2 18. Rf3 Rac8 19. h3 Bb4 20. Qxb4 Qxe2 21. hxg4 Rc2 22. Rg3 Qf1+ 23. Kh2 Rfc8 24. Qxb7 h6 25. g5 hxg5 26. Bxg5 Qxa1 27. Bf6 R2c7 28. Rxg7+ Kf8 29. Qd5 Re7 30. Rh7 1-0

[Event "Montreal Saturday op 10"]
[Site "Montreal CAN"]
[Date "2009.10.14"]
[Round "2"]
[White "Chesnut, Walter"]
[Black "Pozdnyakov, Alexander"]
[Result "0-1"]
[WhiteElo "1621"]
[BlackElo "1620"]
[PlyCount "60"]
[GameId "2160767910096552"]
[EventDate "2009.10.07"]
[EventType "tourn"]
[EventRounds "5"]
[EventCountry "CAN"]

1. e4 d5 2. exd5 Nf6 3. d4 Bg4 4. Be2 Bxe2 5. Nxe2 Qxd5 6. O-O Nc6 7. Nbc3 Qh5 8. a3 O-O-O 9. Be3 e6 10. Ng3 Qg6 11. Nce2 e5 12. c3 h5 13. Qb1 Qxb1 14. Rfxb1 h4 15. Nf1 Ng4 16. Rd1 Nxe3 17. Nxe3 exd4 18. cxd4 Be7 19. d5 Ne5 20. Nf5 Bf6 21. d6 g6 22. Ne7+ Bxe7 23. dxe7 Rde8 24. Rac1 Rxe7 25. Nf4 Rd8 26. Rxd8+ Kxd8 27. Kf1 g5 28. Rd1+ Rd7 29. Rxd7+ Kxd7 30. Nd5 Nc4 0-1

[Event "Montreal Saturday op 10"]
[Site "Montreal CAN"]
[Date "2009.10.14"]
[Round "2"]
[White "Eddouri, Hmida"]
[Black "Lescarbeau, Martin"]
[Result "0-1"]
[WhiteElo "1454"]
[BlackElo "1500"]
[PlyCount "132"]
[GameId "2160767910096554"]
[EventDate "2009.10.07"]
[EventType "tourn"]
[EventRounds "5"]
[EventCountry "CAN"]
[SourceTitle "EXT 2011"]
[Source "ChessBase"]
[SourceDate "2011.11.26"]
[SourceVersion "1"]
[SourceVersionDate "2011.11.26"]
[SourceQuality "1"]

1. e4 e5 2. Nf3 Nc6 3. Bb5 a6 4. Bxc6 dxc6 5. O-O Bg4 6. d3 Nf6 7. Be3 c5 8. Nbd2 Bd6 9. Qc1 O-O 10. Bg5 h6 11. Bh4 g5 12. Bg3 Qe7 13. h3 Bh5 14. h4 g4 15. Ne1 Nd7 16. Nc4 Kg7 17. Ne3 Qf6 18. Nf5+ Kh7 19. f3 Qg6 20. c3 gxf3 21. Nxf3 Rae8 22. Qe3 Bg4 23. h5 Bxh5 24. N3h4 Qg5 25. Qe1 Rg8 26. Bf2 Bf8 27. Be3 Qg4 28. Rf3 Re6 29. Rg3 Qe2 30. Qxe2 Bxe2 31. Rxg8 Kxg8 32. Re1 Bxd3 33. Bc1 c4 34. b4 Kh7 35. Kf2 Nf6 36. Ng3 c5 37. a3 cxb4 38. axb4 Ng4+ 39. Kf3 h5 40. Nxh5 Nf6 41. Ng3 Nd7 42. Nhf5 a5 43. Rh1+ Kg8 44. Nh6+ Kg7 45. Ngf5+ Kg6 46. Rh3 Nf6 47. Rg3+ Kh7 48. Nxf7 Bxe4+ 49. Ke3 Bxf5 50. Ng5+ Kh8 51. Nxe6 Bxe6 52. bxa5 Bh6+ 53. Ke2 Bxc1 54. Rg6 Bg4+ 55. Ke1 Bb2 56. Rxf6 Bxc3+ 57. Kf2 Bxa5 58. Rf8+ Kg7 59. Rb8 b6 60. Rb7+ Kf6 61. Rc7 b5 62. Rb7 b4 63. Rb5 b3 64. Rxa5 b2 65. Rb5 c3 66. Ke1 c2 0-1

[Event "Montreal Saturday op 10"]
[Site "Montreal CAN"]
[Date "2009.10.14"]
[Round "2"]
[White "Guindon, Alex"]
[Black "Phelippe, Yannic"]
[Result "1/2-1/2"]
[WhiteElo "1481"]
[BlackElo "1488"]
[PlyCount "70"]
[GameId "2160767910096556"]
[EventDate "2009.10.07"]
[EventType "tourn"]
[EventRounds "5"]
[EventCountry "CAN"]
[SourceTitle "EXT 2011"]
[Source "ChessBase"]
[SourceDate "2011.11.26"]
[SourceVersion "1"]
[SourceVersionDate "2011.11.26"]
[SourceQuality "1"]

1. d4 Nf6 2. Nf3 g6 3. Bf4 Bg7 4. e3 O-O 5. Be2 d6 6. h3 Nbd7 7. O-O c5 8. Nbd2 a6 9. Re1 b5 10. c3 Bb7 11. Nb3 Rc8 12. a4 Qb6 13. axb5 axb5 14. Qc2 Be4 15. Qd2 cxd4 16. exd4 Rfd8 17. Ra5 b4 18. c4 e5 19. Be3 exd4 20. Bxd4 Nc5 21. Rb5 Nxb3 22. Bxb6 Nxd2 23. Bxd8 Nxf3+ 24. gxf3 Bc6 25. Bxf6 Bxf6 26. Rxb4 Re8 27. Kf1 Bd4 28. Rb3 Re5 29. Rd3 Bxb2 30. Rxd6 Rc5 31. Rb1 Be5 32. Rd8+ Kg7 33. Rc8 Bd4 34. Rb6 Bd7 35. Rd8 Bxh3+ 1/2-1/2

[Event "Montreal Saturday op 10"]
[Site "Montreal CAN"]
[Date "2009.10.14"]
[Round "2"]
[White "Khudaverdian, Berj"]
[Black "Brichko, Michael"]
[Result "1-0"]
[WhiteElo "1761"]
[BlackElo "1748"]
[PlyCount "71"]
[GameId "2160767910096558"]
[EventDate "2009.10.07"]
[EventType "tourn"]
[EventRounds "5"]
[EventCountry "CAN"]
[SourceTitle "EXT 2011"]
[Source "ChessBase"]
[SourceDate "2011.11.26"]
[SourceVersion "1"]
[SourceVersionDate "2011.11.26"]
[SourceQuality "1"]

1. e4 e6 2. d4 d5 3. e5 c5 4. c3 Nc6 5. Nf3 Qc7 6. Be2 Nge7 7. O-O Ng6 8. Be3 Be7 9. a4 b6 10. Na3 a6 11. Nc2 Bd7 12. Qd2 c4 13. Ra2 Na5 14. Na1 O-O 15. Qc2 Rfc8 16. Rc1 b5 17. b4 Nb7 18. a5 f6 19. h4 fxe5 20. dxe5 Nxe5 21. Ng5 Bxg5 22. hxg5 Ng6 23. Qd2 Nd6 24. Bb6 Qb8 25. Bf3 Nf5 26. Bxd5 exd5 27. Qxd5+ Kh8 28. Qxd7 Qf4 29. Qd2 Qxd2 30. Rxd2 Re8 31. Rcd1 Nf4 32. Kf1 Nd3 33. Rxd3 cxd3 34. Rxd3 Re6 35. Nb3 Rae8 36. g3 1-0